| 000 | 005870000a22001810004500 | ||
|---|---|---|---|
| 003 | MACL | ||
| 005 | 20160214123741.0 | ||
| 008 | 160214b xxu||||| |||| 00| 0 eng d | ||
| 040 |
_aMACL _cMACL |
||
| 041 | _aHindi | ||
| 082 | _a333 | ||
| 100 |
_aरधुवंशी डॉ. अरूण _938364 |
||
| 245 | _aपर्यावरण तथा प्रदूषण | ||
| 260 |
_bमध्यप्रदेश हिन्दी ग्रन्थ अकादमी _c1982 _aभोपाल |
||
| 350 | _a25 | ||
| 650 |
_aEnvironment _938365 |
||
| 942 |
_cHIN _k333 _2ddc |
||
| 999 |
_c28804 _d28804 |
||